000 00801nam a2200253 a 4500
001 61835
003 BD-RjUL
005 20211209081015.0
008 170121s1995 enka b 001 0 eng d
020 _a0273602799
035 _a(BD-RjUL)61959
040 _aBD-RjUL
_beng
_cBD-RjUL
041 _aeng
082 _a658.4083
_223
_bPEE 1995
100 1 _aPeattie, Ken.
_9184087
245 1 0 _aEnvironmental marketing management :
_bmeeting the green challenge /
_cKen Peattie
260 _aLondon :
_bPitman,
_c1995
300 _aviii, 309 p. :
_bill. ;
_c26 cm
504 _aIncludes bibliographical references and index
650 0 _aGreen marketing
_9184088
650 0 _aProduct management
_xEnvironmental aspects
_9184089
650 0 _aSocial responsibility of business
_9182346
942 _2ddc
_cBK
999 _c61835
_d61835